000 02327cam a22004574i 4500
003 PE-LiUPU
005 20250731173127.0
008 150623s r 000 0 d
020 _a0310280907
035 _a(Sirsi) i9780310280903
040 _aPE-LiUPU
_bspa
_cPE-LiUPU
_erda
049 _aPRUA
082 0 4 _a220.8
_bA3
_221
100 1 _aLockyer, Herbert,
_eautor.
245 1 0 _aAll the messianic prophecies of the Bible.
_n9 /
_cHerbert Lockyer.
264 1 _aGrand Rapids, Michigan :
_bZondervan Publishing House,
_c1973.
300 _a528 páginas ;
_c24 centímetros
336 _atext
_2rdacontent
337 _aunmediated
_2rdamedia
338 _avolume
_2rdacarrier
490 0 _aThe All Series by Herbert Lockyer ;
_v9
505 0 _aSpecific messianic prophecies: The twofold word and the twofold witness. Prophecies of his pre-existence. Prophecies of his ancestry. Prophecies of his birth. Prophecies of his character. Prophecies of his ministry. Prophecies of his dual nature. Prophecies of his death. Prophecies of his recurrection. Prophecies of his ascension and exaltation. Prophecies of his second advent. Symbolic messianic prophecies: Prophetic gleams fron conspicuous persons. Prophetic gleams from prescribed offices. Prophetic gleams from historical events. Prophetic gleams from religious rituals. Prophetic foregleams from levitical offerings. Prophetic foregleams from feasts and festivals. Prophetic foregleams from christ's own teaching. Appendices: Prophetic foregleams from metaphors. Christ's quotatons from the prophets. Old Testament prophecies quoted in the New Testament.
526 _aSEG42
526 _aSEG41
526 _aSEG40
526 _aSEG39
526 _aP94
526 _aP87
526 _aP86
526 _aP85
526 _aP77
526 _aP76
526 _aP35
650 1 4 _aMesías
_xProfecías.
942 _2ddc
_cBOOK
949 _a220.8 A3 9
_wDEWEY
_c1
_i51260
_lCCODEBUL1
_mBUL
_p15.00
_r0
_sY
_tBOOK
_u2015-6-24
_xTEOLOGIA
_PP35
_0COMPRA
_o.STAFF. Colección General
994 _aC0
_bPEPRU
596 _a1
999 _a220.8 A3 9
_wDEWEY
_c32968
_i51260
_f2021-11-9
_g5
_lCCODEBUL1
_mBUL
_p15.00
_r0
_sY
_tBOOK
_u2015-6-24
_xTEOLOGIA
_PP35
_0COMPRA
_o.STAFF. Colección General
_d32968
980 _81
_gALBERTO SANCHEZ Responsable de Automatización